[Event "11th HIT Open A"]
[Site "Nova Gorica SLO"]
[Date "2006.01.27"]
[Round "2"]
[White "Skoberne,J"]
[Black "Goh Koon Jong,J"]
[Result "1/2-1/2"]
[WhiteElo "2344"]
[BlackElo "2428"]

1.c4 c6 2.e4 d5 3.exd5 cxd5 4.d4 e6 5.Nf3 Nf6 6.a3 Be7 7.Nc3 O-O 8.Bd3 dxc4
9.Bxc4 a6 10.O-O b5 11.Bd3 Bb7 12.Qe2 Nbd7 13.Rd1 Rc8 14.Ne5 Nb6 15.h4 g6
16.Bh6 Re8 17.Rac1 Nbd5 18.Nb1 Bf8 19.Rxc8 Qxc8 20.Qd2 Bg7 21.Qg5 Qd8 22.Nd2 Nd7
23.Bxg7 Kxg7 24.Nxd7 Qxd7 25.Ne4 Qe7 26.Qe5+ Nf6 27.Rc1 Bxe4 28.Bxe4 Rd8
29.Rc6 Kg8 30.Rxa6 Nxe4 31.Qxe4 Rd5 32.Ra8+ Kg7 33.Rc8 Qf6 34.Rc5 Rxd4 35.Qe5 b4
36.Qxf6+ Kxf6 37.g3 Rd2 38.axb4 Rxb2 39.b5 h6 40.Kg2  1/2-1/2

[Event "Bundesliga 2005-6"]
[Site "Kirchheim GER"]
[Date "2006.01.28"]
[Round "8"]
[White "Wintzer,J"]
[Black "Lemmers,O"]
[Result "1-0"]
[WhiteElo "2324"]
[BlackElo "2425"]

1.c4 c6 2.d4 d5 3.Nc3 Nf6 4.e3 a6 5.Qc2 g6 6.Bd3 Bg7 7.Nf3 O-O 8.O-O Bg4
9.Ne5 Be6 10.Bd2 Nbd7 11.Nxd7 Nxd7 12.c5 f6 13.f4 Re8 14.Be1 Bf7 15.Bh4 Nf8
16.Kh1 Qd7 17.Na4 Rad8 18.Qf2 e6 19.g4 h6 20.Rae1 Qe7 21.Bg3 g5 22.f5 exf5
23.gxf5 h5 24.h3 Bh6 25.Qh2 h4 26.Bd6 Rxd6 27.Qxd6 Qxd6 28.cxd6 Rb8 29.Nc5 Be8
30.e4 dxe4 31.Rxe4 b6 32.Bc4+ Bf7 33.Bxf7+ Kxf7 34.Re7+ Kg8 35.Ne6  1-0

[Event "Open"]
[Site "Moscow RUS"]
[Date "2006.02.03"]
[Round "6"]
[White "Belov,Vl"]
[Black "Popov,Iv RUS"]
[Result "1/2-1/2"]
[WhiteElo "2608"]
[BlackElo "2460"]

1.c4 c6 2.d4 d5 3.Nc3 dxc4 4.e4 b5 5.a4 b4 6.Na2 e5 7.Nf3 exd4 8.Bxc4 Ba6
9.Qb3 Bxc4 10.Qxc4 c5 11.Nxb4 Nd7 12.Nd5 Ngf6 13.Bg5 Be7 14.Bxf6 Bxf6 15.O-O O-O
16.Rfe1 Re8 17.Re2 Be5 18.Ne1 Nb6 19.Nxb6 axb6 20.Nd3 Qc7 21.g3 Qc6 22.b3 b5
23.Qd5 Qxd5 24.exd5 f6 25.Rc2 Bd6 26.Raa2 Ra5 27.Nxc5 bxa4 28.b4 Rb5 29.Rxa4 Bxc5
30.bxc5 d3 31.Rd2 Rxc5 32.Rxd3 Rd8 33.Rad4 Kf7 34.Kg2 Rd7 35.Kf3 Ke7 36.h4 Kf7
37.Kf4 Ra5 38.g4 Rc5 39.f3 Ra5 40.g5 Rc5 41.Kg4 Kg6 42.h5+ Kf7 43.f4 Ra5
44.Kf5 g6+ 45.Kg4 f5+ 46.Kh4 Ke7 47.Re3+ Kf7 48.Re5 Ra3 49.Re2 Rb7 50.Rh2 Rbb3
51.Rdd2 Rg3 52.Rdg2 Rxg2 53.Rxg2 Rf3 54.hxg6+ hxg6 55.Re2 Rxf4+ 56.Kh3 Rg4
57.d6 Rxg5 58.d7 Rh5+ 59.Kg3 Rh8 60.Kf4 Rd8 61.Rd2 Ke7 62.Ke5 Rxd7 63.Rh2 Rd1
64.Rh7+ Kd8 65.Rg7 Rg1 66.Ra7 Rb1 67.Kf6 Rb6+ 68.Kg5 Ke8 69.Rc7 Re6 70.Ra7 Kf8
71.Rb7 Re7 72.Rb8+ Kf7 73.Rb6 Re1 74.Rf6+ Ke7 75.Rxg6 Rg1+ 76.Kxf5 Rxg6 77.Kxg6  1/2-1/2

[Event "3rd ch-Mediterranean"]
[Site "Antalya TUR"]
[Date "2006.02.04"]
[Round "5"]
[White "Sulypa,A"]
[Black "Mohammad,Sa"]
[Result "1-0"]
[WhiteElo "2479"]
[BlackElo "2320"]

1.c4 c6 2.d4 d5 3.Nf3 Nf6 4.Qc2 a6 5.Bf4 dxc4 6.Qxc4 b5 7.Qb3 e6 8.a4 Bb7
9.Nbd2 Be7 10.e3 O-O 11.Be2 Nbd7 12.O-O Qb6 13.Rfd1 Rfd8 14.Bg5 h6 15.Bh4 Kf8
16.h3 Rac8 17.Ne5 Nxe5 18.dxe5 Nd7 19.Bxe7+ Kxe7 20.Ne4 Nxe5 21.Qc3 f6 22.a5 Qa7
23.f4 Nf7 24.Nc5 Rd5 25.Rdc1 Rc7 26.Kh1 Bc8 27.e4 Rd8 28.Qb4 Ke8 29.e5 f5
30.g4 fxg4 31.Bxg4 Re7 32.Bf3 Kf8 33.Rg1 Qc7 34.Rg2 g5 35.Rag1 Kg7 36.fxg5 h5
37.Bxh5 Qxe5 38.Ne4 Rd3 39.Nf2 Red7 40.Nxd3 Rxd3 41.Qh4 Rd4 42.Qf2 Rf4 43.Qa7 Qf5
44.Bg4  1-0

[Event "Open"]
[Site "Moscow RUS"]
[Date "2006.02.04"]
[Round "7"]
[White "Grachev,B"]
[Black "Ivanov,Vic"]
[Result "1-0"]
[WhiteElo "2510"]
[BlackElo "2494"]

1.c4 c6 2.Nf3 Nf6 3.Nc3 d5 4.e3 a6 5.d4 e6 6.b3 Bb4 7.Bd2 O-O 8.Bd3 Nbd7
9.O-O Bd6 10.Rc1 Re8 11.e4 dxc4 12.bxc4 e5 13.d5 Nc5 14.Bg5 h6 15.Bh4 g5
16.Bg3 Bg4 17.Qe2 b5 18.dxc6 b4 19.Nd5 Ne6 20.c5 Nxd5 21.exd5 Nxc5 22.Rxc5 Bxc5
23.Qe4 f5 24.Qc4 Bd6 25.Nxe5 Rxe5 26.Bxe5 Bxe5 27.d6+ Kg7 28.d7 Qe7 29.Re1 Bxh2+
30.Kxh2 Qxe1 31.Qd4+  1-0

[Event "2nd Bundesliga Mitte 2005-6"]
[Site "Austria AUT"]
[Date "2006.02.05"]
[Round "7"]
[White "Fahrner,K"]
[Black "Bukal,V sr"]
[Result "1/2-1/2"]
[WhiteElo "2365"]
[BlackElo "2409"]

1.c4 c6 2.Nf3 d5 3.g3 Nf6 4.Bg2 Bf5 5.cxd5 cxd5 6.Qb3 Qb6 7.Qxb6 axb6 8.d3 Nc6
9.Be3 Ra6 10.Nd4 Nxd4 11.Bxd4 e6 12.Nd2 Bc5 13.Nb3 Bb4+ 14.Kd1 Kd7 15.a3 Bd6
16.f4 h5 17.Kd2 h4 18.Bf3 Rg8 19.Rag1 hxg3 20.hxg3 Bg4 21.Bxg4 Nxg4 22.Rh7 f6
23.Rgh1 e5 24.R1h4 f5 25.fxe5 Nxe5 26.R4h5 Ke6 27.Be3 Ng4 28.Nd4+ Kd7 29.Rxf5 Nxe3
30.Kxe3 Re8+ 31.Kf3 Be5 32.e3 Re7 33.Nc2 Ke6 34.Rhh5 Bxb2 35.Rxd5 g6 36.Rhg5 Bf6
37.Nd4+ Kf7 38.Rg4 Rxa3 39.Ne2 Ra5 40.Rd6 g5 41.Re4 Rf5+ 42.Kg4 Rxe4+ 43.dxe4 Re5
44.Rxb6 Rxe4+ 45.Kf3 Re7 46.g4 Be5 47.Rb5 Kg6 48.Rb6+ Kg7 49.Rb5 Kg6 50.Rb6+ Kg7
51.Rb5  1/2-1/2

[Event "FSIMB February"]
[Site "Budapest HUN"]
[Date "2006.02.05"]
[Round "2"]
[White "Brustkern,J"]
[Black "Duong The Anh"]
[Result "1-0"]
[WhiteElo "2240"]
[BlackElo "2287"]

1.c4 c6 2.e4 d5 3.exd5 cxd5 4.d4 Nf6 5.Nc3 Nc6 6.Bg5 dxc4 7.Bxc4 Nxd4 8.Nf3 Nxf3+
9.Qxf3 Qc7 10.Bb5+ Bd7 11.O-O Bxb5 12.Nxb5 Qb6 13.a4 e6 14.Be3 Qd8 15.Qxb7 Rb8
16.Qxa7 Nd5 17.Rfd1 Be7 18.Bc5 Rc8 19.Rxd5 exd5 20.Re1 O-O 21.Bxe7 Re8 22.Kf1  1-0

[Event "ch-CUB sf"]
[Site "Santa Clara CUB"]
[Date "2006.02.06"]
[Round "2"]
[White "Borges Mateos,J"]
[Black "Pozo Vera,S"]
[Result "0-1"]
[WhiteElo "2449"]
[BlackElo "2369"]

1.c4 c6 2.Nf3 d5 3.d4 Nf6 4.e3 Bf5 5.Nc3 e6 6.Nh4 Bg6 7.Nxg6 hxg6 8.Qb3 Qc7
9.Bd2 Nbd7 10.Rc1 Nb6 11.h3 Be7 12.Bd3 Rd8 13.c5 Nbd7 14.Qa4 Qb8 15.b4 a6
16.O-O g5 17.f4 g4 18.hxg4 Nxg4 19.Be2 Nh6 20.g4 g5 21.Rf2 Bf6 22.fxg5 Bxg5
23.Rg2  0-1

[Event "3rd ch-Mediterranean"]
[Site "Antalya TUR"]
[Date "2006.02.07"]
[Round "9"]
[White "Borg,A"]
[Black "Mir Mahmoud,A"]
[Result "1/2-1/2"]
[WhiteElo "2151"]
[BlackElo "2024"]

1.c4 c6 2.e4 e5 3.Nf3 d6 4.d4 exd4 5.Nxd4 g6 6.Nc3 Nd7 7.Be2 Bg7 8.Be3 Ngf6
9.O-O O-O 10.Qd2 Qe7 11.f3 Re8 12.Nc2 Nb6 13.Rfd1 Bf8 14.Bg5 Be6 15.Ne3 h6
16.Bf4 Rad8 17.Bf1 Nh5 18.Bg3 Nxg3 19.hxg3 Qg5 20.Qf2 Qc5 21.Rac1 Bg7 22.b3 Qa5
23.Rd3 Nd7 24.Qc2 Ne5 25.Rd2 Qb6 26.Re1 h5 27.Na4 Qa5 28.a3 b5 29.Nb2 bxc4
30.Bxc4 Qxa3 31.Bxe6 fxe6 32.f4 Nf7 33.Nec4 Qc5+ 34.Kf1 Kh7 35.Nd3 Qb5 36.Ne3 Qa5
37.Nc4 Qb5 38.Ne3 Rb8 39.Rb1 d5 40.e5 Bf8 41.g4 d4 42.Nc4 hxg4 43.Nf2 g3
44.Ne4 Red8 45.Qd3 Nh6 46.Ng5+ Kg7 47.Nxe6+ Kf7 48.Ng5+ Kg7 49.Ne6+ Kf7 50.Ng5+ Kg7  1/2-1/2

[Event "ch-GER"]
[Site "Osterburg GER"]
[Date "2006.02.07"]
[Round "5"]
[White "Tischbierek,R"]
[Black "Degtiarev,E"]
[Result "1-0"]
[WhiteElo "2466"]
[BlackElo "2388"]

1.c4 c6 2.e4 e5 3.Nf3 d6 4.d4 Nd7 5.Nc3 Ngf6 6.Be2 Be7 7.O-O O-O 8.Re1 Qc7
9.Bf1 a6 10.d5 c5 11.a3 Ne8 12.b4 g6 13.Bh6 Ng7 14.Qd2 b6 15.Rab1 f5 16.exf5 gxf5
17.Ng5 Bxg5 18.Qxg5 Nf6 19.bxc5 bxc5 20.Rb6 Ne8 21.Rc6 Qf7 22.Rb1 Qg6 23.Rcb6 Qxg5
24.Bxg5 Rf7 25.Be2 Rfa7 26.f4 e4 27.h3 Kf7 28.Kf2 Kg6 29.Ke3 h6 30.Bh4 h5
31.Bd1 Bd7 32.Be7  1-0

[Event "ch-CUB sf"]
[Site "Santa Clara CUB"]
[Date "2006.02.10"]
[Round "6"]
[White "Hernandez,Rom"]
[Black "Blanco,H"]
[Result "1/2-1/2"]
[WhiteElo "2371"]
[BlackElo "2357"]

1.c4 c6 2.e4 d5 3.exd5 cxd5 4.d4 Nf6 5.Nc3 Nc6 6.Nf3 Bg4 7.cxd5 Nxd5 8.Qb3 Nb6
9.d5 Bxf3 10.gxf3 Nd4 11.Qd1 e5 12.dxe6 Qf6 13.exf7+ Kxf7 14.Bd3 Qxf3 15.Qxf3+ Nxf3+
16.Ke2 Nd4+ 17.Kf1 Be7 18.Be3 Rad8 19.Rd1 Ne6 20.Ke2 Bc5 21.Be4 Bxe3 22.fxe3 Nc5
23.Rhf1+ Ke7 24.Nd5+ Nxd5 25.Bxd5 Ne6 26.Bxb7 Rb8 27.Bd5 Rxb2+ 28.Rd2  1/2-1/2

[Event "TCh-HUN 2005-6"]
[Site "Hungary HUN"]
[Date "2006.02.12"]
[Round "7"]
[White "Horvath,Gy1"]
[Black "Feher,T"]
[Result "1-0"]
[WhiteElo "2430"]
[BlackElo "2263"]

1.c4 c6 2.d4 d5 3.Nf3 Nf6 4.Qb3 Qb6 5.Nc3 Qxb3 6.axb3 Bf5 7.c5 e6 8.b4 Be7
9.b5 O-O 10.Bf4 Ne4 11.e3 Nd7 12.bxc6 bxc6 13.Ba6 g5 14.Bc7 g4 15.Nd2 Nexc5
16.dxc5 Nxc5 17.Ke2 f6 18.Rhc1 e5 19.b4 Nxa6 20.Rxa6 d4 21.Nce4 Bd7 22.Nc5 Rfc8
23.Nxd7 Rxc7 24.Nc5 dxe3 25.fxe3 Kf7 26.Rc4 h5 27.Nd3 Rac8 28.Nb3 Ke8 29.Na5 Kd7
30.e4 Bd6 31.Kd2 Be7 32.Rc2 Bd6 33.Kc3 Rb8 34.Nb3 Be7 35.Rca2 Ra8 36.Kc4 Bd6
37.g3 Ke7 38.Ndc5 Kf7 39.Nd2 Kg6 40.Nf1 f5 41.exf5+ Kxf5 42.Ne3+ Kg6 43.Ne4 Be7
44.Nd5 Rd7 45.Rxc6+  1-0

[Event "ch-CUB sf"]
[Site "Santa Clara CUB"]
[Date "2006.02.12"]
[Round "8"]
[White "Hernandez,Rom"]
[Black "Obregon Rivero,J"]
[Result "1/2-1/2"]
[WhiteElo "2371"]
[BlackElo "2236"]

1.c4 c6 2.Nf3 Nf6 3.d4 d5 4.e3 e6 5.Nbd2 Nbd7 6.Bd3 Bd6 7.O-O O-O 8.e4 e5
9.cxd5 cxd5 10.exd5 exd4 11.Ne4 Nxe4 12.Bxe4 Nf6 13.Bg5 Be7 14.Bxf6 Bxf6
15.Nxd4 Qb6 16.Nb3 Bd7 17.Rb1 g6 18.Qf3 Bg7 19.Rfd1 h5 20.h3 Rae8 21.Nd2 Qa6
22.a3 Bb5  1/2-1/2

[Event "Aeroflot Open"]
[Site "Moscow RUS"]
[Date "2006.02.15"]
[Round "8"]
[White "Grigoriants,S RUS"]
[Black "Riazantsev,A"]
[Result "1/2-1/2"]
[WhiteElo "2550"]
[BlackElo "2594"]

1.c4 c6 2.Nf3 d5 3.e3 Nf6 4.d4 Bf5 5.Nc3 a6 6.Bd2 e6 7.Nh4 Bg4 8.Qc2 Bh5
9.h3 Nfd7 10.Nf3 Bd6 11.Qb3 Ra7 12.Be2 O-O 13.O-O dxc4 14.Qxc4 b5 15.Qb3 c5
16.a4 cxd4 17.exd4  1/2-1/2

[Event "Bundesliga 2005-6"]
[Site "Koelln GER"]
[Date "2006.02.19"]
[Round "11"]
[White "Thesing,M"]
[Black "Schmidt,Bo"]
[Result "1/2-1/2"]
[WhiteElo "2413"]
[BlackElo "2332"]

1.c4 c6 2.e4 d5 3.cxd5 cxd5 4.exd5 Nf6 5.Nc3 Nxd5 6.Nf3 Nc6 7.d4 Bg4 8.Qb3 Bxf3
9.gxf3 e6 10.Qxb7 Nxd4 11.Bb5+ Nxb5 12.Qc6+ Ke7 13.Qxb5 Qd7 14.Nxd5+ Qxd5
15.Qxd5 exd5 16.Bf4 Ke6 17.O-O-O Bb4 18.Rd4 Rhc8+ 19.Kb1 Rc4 20.Rxc4 dxc4
21.Rd1 Rc8 22.Rd4 Ba5 23.Rd6+ Ke7 24.Ra6 Bb6 25.Be3 Rc6 26.Kc2 Kd6 27.Bxb6 axb6
28.Ra7 Ke5 29.Rxf7 Rh6 30.Rxg7  1/2-1/2

[Event "Bundesliga 2005-6"]
[Site "Solingen GER"]
[Date "2006.02.19"]
[Round "11"]
[White "Poldauf,D"]
[Black "Smeets,J"]
[Result "0-1"]
[WhiteElo "2417"]
[BlackElo "2550"]

1.c4 c6 2.Nf3 d5 3.b3 Bg4 4.Ne5 Bh5 5.cxd5 cxd5 6.g4 f6 7.gxh5 fxe5 8.Bb2 Nc6
9.b4 a6 10.a4 Qb6 11.b5 Nf6 12.e3 e6 13.h6 g6 14.a5 Nxa5 15.Bxe5 Kf7 16.Qf3 Be7
17.Ra4 axb5 18.Rf4 Qd8 19.Bxb5 Nc6 20.Bxc6 bxc6 21.h4 Rf8 22.Rg1 Ke8 23.h5 Nd7
24.Rxf8+ Bxf8 25.Bg7 g5 26.Qg4 Qe7 27.Qxg5 Qxg5 28.Rxg5 Bxg7 29.hxg7 Kf7
30.h6 Nf6 31.Nc3 Ng8 32.Rh5 Kg6 33.Re5 Kf6 34.Rh5 Ra1+ 35.Ke2 Rg1 36.Na4 Rg6
37.Rh3 Rxh6 38.Nc5 Rxh3  0-1

[Event "Bundesliga 2005-6"]
[Site "Tegernsee GER"]
[Date "2006.02.19"]
[Round "11"]
[White "Janz,F"]
[Black "Braun,A"]
[Result "0-1"]
[WhiteElo "2355"]
[BlackElo "2491"]

1.c4 c6 2.e4 d5 3.exd5 cxd5 4.d4 Nf6 5.Nc3 e6 6.Nf3 Be7 7.cxd5 Nxd5 8.Bd3 O-O
9.h4 Nf6 10.Bc2 Qb6 11.a3 Rd8 12.Be3 Qxb2 13.Ne4 Nbd7 14.O-O Nxe4 15.Bxe4 Nf6
16.Rb1 Qxa3 17.Bxb7 Bxb7 18.Rxb7 Nd5 19.Bg5 f6 20.Bd2 a5 21.Re1 Ra6 22.Qe2 Qd6
23.Ra1 Qc6 24.Rbb1 a4 25.Rc1 Qa8 26.Ne1 a3 27.Nd3 Rc8 28.Nc5 Bxc5 29.dxc5 Qc6
30.Ra2 Rca8 31.h5 Ra4 32.Rc4 Kf7 33.Qe4 f5 34.Qc2 h6 35.Rxa4 Rxa4 36.Qb3 Ra7
37.Qg3 Nf6 38.Rxa3 Qxc5 39.Qg6+ Kg8 40.Rxa7 Qxa7 41.Bxh6 Qa1+ 42.Kh2 Ng4+
43.Kg3 Nxh6 44.Qxe6+ Kh8 45.Qe8+ Ng8 46.Qe6 Qc3+ 47.f3 Qc7+ 48.f4 Qc3+ 49.Kh4 Qf6+
50.Qxf6 gxf6 51.g4 fxg4 52.Kxg4 Kg7  0-1

[Event "Festival de Meurthe-et-Moselle B"]
[Site "Nancy FRA"]
[Date "2006.02.21"]
[Round "2"]
[White "Koch,HJ"]
[Black "Julian,S"]
[Result "1-0"]
[WhiteElo "2235"]
[BlackElo "2178"]

1.c4 c6 2.e4 d5 3.exd5 cxd5 4.cxd5 Nf6 5.Bb5+ Nbd7 6.Nc3 a6 7.Qa4 g6 8.Nf3 Bg7
9.O-O O-O 10.Bxd7 Nxd7 11.d3 b5 12.Qh4 Nf6 13.Bh6 Nxd5 14.Ng5 f6 15.Bxg7 fxg5
16.Qh6 Rf7 17.Be5 Nxc3 18.Bxc3 Qd5 19.Rae1 Bb7 20.f3 b4 21.Be5 g4 22.Re4 Qe6
23.Rxb4 Qxe5 24.Rxb7 gxf3 25.gxf3 Raf8 26.Qh3 Qe3+ 27.Kg2 Qxd3 28.Qe6 Qd2+
29.Kh1 Qd3 30.Rf2 Qd4 31.Re2 Qf4 32.Qd5 Qxf3+ 33.Qxf3 Rxf3 34.Rbxe7 R8f7
35.Kg2 R3f5 36.Rxf7 Rg5+ 37.Kf3 Kxf7 38.Rc2 Kg7 39.Rc7+ Kh6 40.Ra7 a5 41.Rb7 Rc5
42.h4 Rc4 43.Kg3 Rd4 44.Rb5 a4 45.a3 Kg7 46.Rb7+ Kf6 47.Rxh7 Rd3+ 48.Kg4 Rb3
49.Ra7 Rxb2 50.Ra6+ Kg7 51.Rxa4 Kh6 52.Rb4 Rg2+ 53.Kf4 g5+ 54.hxg5+ Rxg5
55.Rb6+ Kh5 56.Ra6 Rg1 57.a4 Rf1+ 58.Ke5 Kg5 59.Ra8 Re1+ 60.Kd5 Kf6 61.a5 Ke7
62.Kc6 Rc1+ 63.Kb7 Rb1+ 64.Ka7 Ra1 65.a6 Kd7 66.Rb8 Kc7 67.Rb7+ Kc8 68.Rh7 Ra2
69.Rh1 Kc7 70.Rc1+ Kd8 71.Rc6 Kd7 72.Kb7 Ra1 73.Rb6 Rc1 74.a7 Rc7+ 75.Ka6 Rc8
76.Rb8  1-0

[Event "EU-chT Seniors"]
[Site "Dresden GER"]
[Date "2006.02.22"]
[Round "6"]
[White "Gabriel,J"]
[Black "Wheeler,Jo"]
[Result "1-0"]
[WhiteElo "2200"]
[BlackElo "2187"]

1.c4 c6 2.Nf3 d5 3.b3 Nf6 4.Bb2 Nbd7 5.g3 g6 6.cxd5 cxd5 7.Nc3 e5 8.Bg2 Bg7
9.Ba3 Bf8 10.Qc1 Bxa3 11.Qxa3 Qe7 12.Qa4 O-O 13.Qh4 Kg7 14.O-O a6 15.Rac1 Re8
16.d3 Rb8 17.g4 d4 18.Nb1 Nc5 19.h3 a5 20.Nbd2 b6 21.Nc4 Nfd7 22.g5 f5 23.gxf6+ Qxf6
24.Qg3 Bb7 25.Ncd2 Nf8 26.a3 Nfe6 27.b4 axb4 28.axb4 Nf4 29.Rfe1 Na6 30.Bf1 Re7
31.Rb1 Rc8 32.Nc4 Nxd3 33.exd3 Qxf3 34.Qxf3 Bxf3 35.Nxb6 Rb8 36.Nc4 Rxb4
37.Ra1 Nc5 38.Nxe5 Bb7 39.Bg2 Bxg2 40.Kxg2 Ra4 41.Rac1 Ne6 42.Kg3 Ra3 43.f3 Rc3
44.Rb1 Nc5 45.Rb4 Nb3 46.Kf4 Nc5 47.Rb5 Rc2 48.Ra1 Ne6+ 49.Kg3 Re2 50.Nc6 Rc7
51.Re5 Rxe5 52.Nxe5 h5 53.Ra6 Kf6 54.f4 g5 55.Ng6 Rc3 56.Nf8 Rxd3+ 57.Kg2 Re3
58.fxg5+ Kf7 59.Nxe6 Rxe6 60.Rxe6 Kxe6 61.h4  1-0

[Event "EU-chT Seniors"]
[Site "Dresden GER"]
[Date "2006.02.22"]
[Round "6"]
[White "Uhlmann,W"]
[Black "Shabanov,Y"]
[Result "1/2-1/2"]
[WhiteElo "2420"]
[BlackElo "2427"]

1.c4 c6 2.d4 d5 3.Nf3 Nf6 4.Nc3 e6 5.Qb3 dxc4 6.Qxc4 b5 7.Qd3 Bb7 8.Bg5 Be7
9.e3 O-O 10.Be2 Nbd7 11.O-O Rc8 12.a3 a6 13.b4 a5 14.Rab1 axb4 15.axb4 Nd5
16.Bxe7 Qxe7 17.Nxd5 exd5 18.Qc3 Ra8 19.Nd2 Nb6 20.Nb3 Nc4 21.Ra1 Rfb8 22.Nc5 Bc8
23.Bd3 Be6 24.Qc2 g6 25.Ra2 Qg5 26.Rfa1 Rxa2 27.Rxa2 Bg4 28.Qc1 Bf5 29.Bf1 h5
30.Kh1 h4 31.h3 Rd8 32.Qa1 Rd6 33.Ra8+ Kg7 34.Qa7 Rd8 35.Be2 Nxe3 36.fxe3 Rxa8
37.Qxa8 Qxe3 38.Bf1 Qe1 39.Kg1 Qe3+ 40.Kh1  1/2-1/2

[Event "EU-chT Seniors"]
[Site "Dresden GER"]
[Date "2006.02.23"]
[Round "7"]
[White "Haug,K"]
[Black "Svensson,L"]
[Result "1/2-1/2"]
[WhiteElo "1993"]
[BlackElo "2165"]

1.c4 c6 2.Nc3 d5 3.cxd5 cxd5 4.d4 e5 5.e3 e4 6.Bb5+ Nc6 7.Nge2 Nf6 8.O-O Bd6
9.Kh1 O-O 10.Nf4 a6 11.Be2 Bc7 12.g3 Qd6 13.f3 g5 14.Ng2 Ne7 15.f4 g4 16.b3 b5
17.Bd2 Nf5 18.Qe1 Bd7 19.Nd1 a5 20.Rc1 Rfc8 21.Nf2 h5 22.Kg1 Kg7 23.Nh1 b4
24.Qd1 Bb6 25.Rxc8 Rxc8 26.Qb1 Rh8 27.Be1 Qc7 28.Bf2 Rc8 29.Ba6 Rh8 30.Rc1 Qa7
31.Be2 Ne8 32.Qb2 Ned6 33.a4 bxa3 34.Qxa3 Rb8 35.Qa1 Nb5 36.Nh4 Nfd6 37.Rc5 Nc7
38.Rc2 f6 39.Kg2 Na6 40.Be1 Bd8 41.Qa3 Nb4 42.Rc5 Qb7 43.Nf2 f5 44.Bd2 Kf6
45.Qb2 Ke6 46.Ng6 Nc6 47.Ne5 Qxb3 48.Qc1 Nxe5 49.dxe5 Nb5 50.Bd1 Qa3 51.Qxa3 Nxa3
52.Bxa5 Be7 53.Rc3 Nc4 54.Bc7 Rb2 55.Bd6 Nxd6 56.exd6 Bxd6 57.Kg1 Rb1 58.Rb3 Rxb3
59.Bxb3  1/2-1/2

[Event "2nd Bundesliga Ost 2005-6"]
[Site "Austria AUT"]
[Date "2006.02.25"]
[Round "8"]
[White "Neff,G"]
[Black "Galavics,H"]
[Result "1/2-1/2"]
[WhiteElo "2104"]
[BlackElo "2099"]

1.c4 c6 2.e4 d5 3.exd5 cxd5 4.d4 Nf6 5.Nc3 e6 6.Nf3 Nc6 7.Bd3 Bd6 8.O-O dxc4
9.Bxc4 O-O 10.Bg5 Be7 11.Re1 a6 12.a3 b5 13.Ba2 Bb7 14.Qd2 b4 15.axb4 Nxb4
16.Bb3  1/2-1/2

[Event "TCh-CZE Extraliga 2005-6"]
[Site "Czech Rep CZE"]
[Date "2006.02.25"]
[Round "8"]
[White "Stohl,I"]
[Black "Cech,P"]
[Result "1/2-1/2"]
[WhiteElo "2538"]
[BlackElo "2420"]

1.c4 c6 2.e4 e5 3.Nf3 d6 4.d4 Nd7 5.Nc3 Ngf6 6.Be2 Be7 7.O-O O-O 8.Be3 a6
9.d5 cxd5 10.cxd5 Ng4 11.Bd2 b5 12.Ne1 Ngf6 13.Nc2 Nc5 14.f3 Bd7 15.b4 Na4
16.Nxa4 bxa4 17.Na3 Qb8 18.Bd3 Nh5 19.Kh1 g6 20.Bc2 Qe8 21.Bh6 Ng7 22.Bd3 f5
23.Nc4 Rb8 24.a3 f4 25.Na5 g5 26.Nc6 Ra8 27.Qxa4 g4 28.fxg4 Bxg4 29.Qc2 Bh4
30.Be2 Bd7 31.a4 Qg6 32.Bxg7 Kxg7 33.b5 Qh6 34.Bf3 Kh8 35.g4 fxg3 36.b6 Bg5
37.Qe2 Bh3 38.Rg1 Bf4 39.b7 Rae8 40.Rab1 g2+ 41.Rxg2 Bxg2+ 42.Qxg2 Rg8 43.b8=Q Rxb8
44.Rxb8 Rxb8 45.Nxb8 Qh4 46.Nc6 Qe1+ 47.Qg1 Qc3 48.Qd1 Bg5 49.Kg2 a5 50.Qe2 Kg7
51.Bg4 Kh6 52.Bf5 Kg7 53.Na7 Qc5 54.Nb5 h5 55.Qxh5 Qc2+ 56.Kh3 Qd3+ 57.Kg4 Qe2+
58.Kxg5 Qd2+ 59.Kh4 Qxh2+ 60.Kg4 Qg2+ 61.Kh4 Qh2+ 62.Kg4 Qg2+  1/2-1/2

[Event "2nd Bundesliga Ost 2005-6"]
[Site "Austria AUT"]
[Date "2006.02.26"]
[Round "9"]
[White "Sulyok,M"]
[Black "Mayr,T"]
[Result "1/2-1/2"]
[WhiteElo "2205"]
[BlackElo "2128"]

1.c4 c6 2.e4 d5 3.exd5 cxd5 4.cxd5 Nf6 5.Nc3 Nxd5 6.Nf3 Nxc3 7.bxc3 g6 8.d4 Bg7
9.Bd3 O-O 10.O-O Nc6 11.Re1 b6 12.Bf4 Bb7 13.Qe2 Rc8 14.Rac1 e6 15.Be4 Qd7
16.h4 Ne7 17.Bxb7 Qxb7 18.h5 Nd5 19.Bd2  1/2-1/2

[Event "2nd ch-SCG Women"]
[Site "Tivat SCG"]
[Date "2006.02.27"]
[Round "7"]
[White "Maksimovic,S"]
[Black "Djukic,Sa"]
[Result "1/2-1/2"]
[WhiteElo "2276"]
[BlackElo "2152"]

1.c4 c6 2.Nf3 Nf6 3.e3 d5 4.d4 Bf5 5.Nc3 e6 6.Nh4 Bg4 7.Qb3 b6 8.h3 Bh5 9.cxd5 exd5
10.g4 Ng8 11.Nf5 Bg6 12.Bg2 Bxf5 13.gxf5 Nf6 14.O-O Be7 15.Bd2 Qd7 16.Qc2 Na6
17.a3 O-O 18.Rfd1 Nc7 19.Rac1 Rac8 20.Na2 Nb5 21.Bb4 Nd6 22.Bxd6 Bxd6 23.Nc3  1/2-1/2

[Event "1st ONGC Cup"]
[Site "Hyderabad IND"]
[Date "2006.02.28"]
[Round "4"]
[White "Sengupta,D"]
[Black "Megaranto,S"]
[Result "1/2-1/2"]
[WhiteElo "2393"]
[BlackElo "2539"]

1.c4 c6 2.e4 d5 3.exd5 cxd5 4.cxd5 Nf6 5.Qa4+ Nbd7 6.Nc3 g6 7.Nf3 Bg7 8.Bc4 O-O
9.d3 a6 10.Qa3 b6 11.O-O Bb7 12.Re1 b5 13.Bb3 Re8 14.Ng5 Nb6 15.d6 e6 16.Nge4 Nxe4
17.Nxe4 a5 18.Bg5 b4 19.Bxd8 Rexd8 20.Qa4 Nxa4 21.Bxa4 Bxe4 22.dxe4 Rxd6
23.Re2 Rad8 24.Kf1 Rd2 25.Rb1 R2d4 26.f3 Be5 27.g3 g5 28.Rc1 Rd2 29.Rc5 f6
30.Rxd2 Rxd2 31.Bb3 Rxh2 32.Rxa5 Bxg3 33.Rb5 Rxb2 34.Rxb4 Rf2+ 35.Kg1 Rxf3
36.a4 Bc7 37.Bxe6+ Kf8 38.Rb7 Rc3 39.a5 Bxa5 40.Rxh7 Bb6+ 41.Kg2 Bd4 42.Bf5 Be5
43.Rh3 Rc7 44.Kf3 Ke7 45.Rh8 Rc3+ 46.Ke2 Rg3 47.Rh3 Rg2+ 48.Kf1 Rb2 49.Rd3 Bd6
50.Rh3 Bc5 51.Rd3 Rf2+ 52.Ke1 Rf4 53.Ke2 Rf2+ 54.Ke1 Rg2 55.Rd7+ Ke8 56.Rd5 Be3  1/2-1/2

[Event "ch-LAT"]
[Site "Riga LAT"]
[Date "2006.03.03"]
[Round "6"]
[White "Miezis,N"]
[Black "Sveshnikov,V"]
[Result "1-0"]
[WhiteElo "2470"]
[BlackElo "2273"]

1.c4 c6 2.e4 d5 3.cxd5 cxd5 4.exd5 Nf6 5.Nc3 Nxd5 6.Nf3 e6 7.Bc4 Be7 8.O-O O-O
9.Re1 Nc6 10.d4 Nf6 11.Bb3 b6 12.d5 exd5 13.Nxd5 Nxd5 14.Bxd5 Bb7 15.Bf4 Bf6
16.Rc1 Na5 17.Bxb7 Qxd1 18.Rexd1 Nxb7 19.b4 Rfd8 20.g4 Kf8 21.Rxd8+ Nxd8
22.Bd6+ Be7 23.Bxe7+ Kxe7 24.Nd4 Kd7 25.Rd1 Ne6 26.Nf5+ Kc7 27.Rc1+ Kd7 28.Kg2 g6
29.Rd1+ Kc6 30.Nd4+ Nxd4 31.Rxd4 Kb5 32.Rf4 f6 33.h4 Rf8 34.a3 Ka4 35.Rf3 a5
36.bxa5 bxa5 37.Kg3 Rb8 38.Rxf6 Kxa3 39.Rf7 a4 40.Rxh7 Kb2 41.h5 g5 42.Ra7 a3
43.h6 a2 44.f4 Rb3+ 45.Kg2 Ra3 46.h7 Rxa7 47.h8=Q+ Kc2 48.Qa1 gxf4 49.g5 Ra5
50.Kf3 Rxg5 51.Qxa2+ Kc3 52.Kxf4 Rb5 53.Ke4 Rb2 54.Qa3+ Kc2 55.Qc5+ Kb1 56.Kd3 Rb3+
57.Kc4 Rb2 58.Qf5+ Ka2 59.Qd3 Rh2 60.Kc3 Rb2 61.Qd1 Rb8 62.Qe2+ Kb1 63.Qf1+ Ka2
64.Qf2+ Kb1  1-0

[Event "TCh-NED 2005-6"]
[Site "Netherlands NED"]
[Date "2006.03.04"]
[Round "7"]
[White "Fridman,D2"]
[Black "Kroeze,F"]
[Result "1/2-1/2"]
[WhiteElo "2559"]
[BlackElo "2419"]

1.c4 c6 2.Nf3 d5 3.e3 Nf6 4.d4 e6 5.Bd3 Nbd7 6.Nbd2 Bd6 7.e4 dxe4 8.Nxe4 Nxe4
9.Bxe4 e5 10.O-O exd4 11.Qxd4 Qf6 12.Be3 Qxd4 13.Bxd4 Nc5 14.Bc2 f6 15.Rad1 Be7
16.Rfe1 Ne6 17.Bc3 Kf7 18.Nd2 Bd7 19.b4 Rad8 20.c5 Nc7 21.Bb3+ Nd5 22.Bxd5+ cxd5
23.Nf1 Bc6 24.Ne3 Rd7 25.Nf5 Rhd8 26.Rd3 Bf8 27.Nd4 a6 28.Bd2 Re7 29.Rxe7+ Bxe7
30.Bf4 Bd7 31.h3 Re8 32.Nb3 Bc6 33.Nd4 Bd7 34.Nb3 Bc6 35.Be3 Bd8 36.Nd4 Bd7
37.Nb3 Bc6 38.Nd4 Bd7 39.Rd2 Bc7 40.a3 h5 41.Ne2 Bc6 42.Nc3 Be5 43.Nxd5 Rd8
44.Nb6 Rxd2 45.Bxd2 Ke6 46.Nc4 Bc7 47.Na5  1/2-1/2

[Event "2nd Bundesliga Mitte 2005-6"]
[Site "Austria AUT"]
[Date "2006.03.05"]
[Round "9"]
[White "Konopka,M"]
[Black "Fahrner,K"]
[Result "1/2-1/2"]
[WhiteElo "2489"]
[BlackElo "2365"]

1.c4 c6 2.e4 g6 3.d4 d5 4.exd5 cxd5 5.Nc3 Nf6 6.Bg5 Bg7 7.Nf3 O-O 8.h3 Ne4
9.Bf4 Nc6 10.cxd5 Nxc3 11.bxc3 Qxd5 12.Be2 e5 13.dxe5 Qe4 14.Qd2 Nxe5 15.O-O Bf5
16.Nd4 Rad8 17.Rfe1 Nd3 18.Bxd3 Qxd3 19.Qxd3 Bxd3 20.Re7 Ba6 21.Be5 Bxe5
22.Rxe5 Rd7 23.Rae1 Rc7 24.R1e3 Rfc8 25.Nb5 Bxb5  1/2-1/2

[Event "ch-USA GpB"]
[Site "San Diego USA"]
[Date "2006.03.05"]
[Round "3"]
[White "Kaidanov,G"]
[Black "Ippolito,D"]
[Result "1/2-1/2"]
[WhiteElo "2603"]
[BlackElo "2414"]

1.c4 c6 2.d4 d5 3.Nc3 Nf6 4.Nf3 e6 5.Bg5 dxc4 6.e4 b5 7.e5 h6 8.Bh4 g5 9.exf6 gxh4
10.Ne5 Qxf6 11.a4 h3 12.gxh3 Bd6 13.Qh5 Rg8 14.Ng4 Qg6 15.Qxg6 Rxg6 16.axb5 Bb7
17.Bg2 f5 18.Ne3 Bf4 19.Bf3 Rg7 20.Ke2 cxb5 21.Nxb5 a6 22.Na3 Nc6 23.Rhd1 Bxe3
24.fxe3 Na5 25.Nc2 Bxf3+ 26.Kxf3 Nb7 27.Ra4 Nd6 28.Na3 Rc7 29.Rc1 Ke7 30.Rc2 Rc6
31.Kf4 Rb8 32.Ra5 Kf6 33.Rc5 Rbc8 34.Rxc6 Rxc6 35.Rc3 Rc8 36.Rc2  1/2-1/2

[Event "LXIII ch-POL"]
[Site "Krakow POL"]
[Date "2006.03.06"]
[Round "10"]
[White "Kempinski,R"]
[Black "Czarnota,P"]
[Result "1/2-1/2"]
[WhiteElo "2619"]
[BlackElo "2497"]

1.c4 c6 2.b3 d5 3.Bb2 Nf6 4.e3 Bg4 5.Ne2 Nbd7 6.f3 Bf5 7.Ng3 Bg6 8.d4 e6
9.Be2 Bd6 10.f4 h5  1/2-1/2

[Event "XXII Open"]
[Site "Reykjavik ISL"]
[Date "2006.03.07"]
[Round "2"]
[White "Weeks,Ma"]
[Black "Halldorsson,J"]
[Result "1/2-1/2"]
[WhiteElo "2273"]
[BlackElo "2145"]

1.c4 c6 2.e4 d5 3.exd5 cxd5 4.d4 Nf6 5.Nc3 e6 6.Nf3 Be7 7.cxd5 Nxd5 8.Bd3 Nc6
9.O-O O-O 10.Re1 Bf6 11.Be4 Nce7 12.Qd3 g6 13.Bh6 Re8 14.Rad1 Bd7 15.Ne5 Bc6
16.Qh3 Nf5 17.Bc1 Rc8 18.Bb1 Nxc3 19.bxc3 Bd5  1/2-1/2